| 000 | 00700nas a2200241 i 4500 | ||
|---|---|---|---|
| 001 | 1530 | ||
| 003 | ES-MaACL | ||
| 005 | 20250728235458.0 | ||
| 007 | t| | ||
| 008 | 950801d19461954sp m| | 1 ||pa d | ||
| 080 | _a460 | ||
| 245 | 0 | 0 |
_aNautilus _b: revista general del mar / _cEduardo Armada y Andrés Herrero Egaña. |
| 260 |
_a[Madrid : _bs.n.], _c1946-1954. |
||
| 300 |
_av ; _c24 cm. |
||
| 310 | _aMensual | ||
| 362 | 0 | _aAño I (ene. 1946)-(1954) | |
| 650 | 1 | 4 |
_aIndustria. Comunicaciones. _913720 |
| 700 | 1 |
_aArmada, Eduardo, _edir. _9194227 |
|
| 700 | 1 |
_aHerrero de Egaña, Andrés, _d1888-1981 _963310 |
|
| 852 |
_aES-MaACL _jHem-223 |
||
| 866 | 0 | _o1946-49. | |
| 999 |
_c1530 _d1530 |
||